The collected poems, 1952-1990 / (Record no. 25396)
[ view plain ]
| 000 -LEADER | |
|---|---|
| fixed length control field | 01235pam a2200313 a 4500 |
| 001 - CONTROL NUMBER | |
| control field | 1526903 |
| 005 - DATE AND TIME OF LATEST TRANSACTION | |
| control field | 19910730175150.8 |
| 008 - FIXED-LENGTH DATA ELEMENTS--GENERAL INFORMATION | |
| fixed length control field | 900725s1991 nyu 000 0 eng |
| 010 ## - LIBRARY OF CONGRESS CONTROL NUMBER | |
| LC control number | 90044794 |
| 020 ## - INTERNATIONAL STANDARD BOOK NUMBER | |
| International Standard Book Number | 0805006966 : |
| Terms of availability | $29.95 |
| 040 ## - CATALOGING SOURCE | |
| Original cataloging agency | DLC |
| Transcribing agency | DLC |
| Modifying agency | DLC |
| 041 1# - LANGUAGE CODE | |
| Language code of text/sound track or separate title | eng |
| Language code of original and/or intermediate translations of text | rus |
| 050 00 - LIBRARY OF CONGRESS CALL NUMBER | |
| Classification number | PG3476.E96 |
| Item number | A27 1991 |
| 100 1# - MAIN ENTRY--PERSONAL NAME | |
| Personal name | Yevtushenko, Yevgeny Aleksandrovich, |
| Dates associated with a name | 1933- |
| 600 10 - SUBJECT ADDED ENTRY--PERSONAL NAME | |
| Personal name | Yevtushenko, Yevgeny Aleksandrovich, |
| 240 10 - UNIFORM TITLE | |
| Uniform title | <a href="Poems.">Poems.</a> |
| Language of a work | English |
| 245 14 - TITLE STATEMENT | |
| Title | The collected poems, 1952-1990 / |
| Statement of responsibility, etc | Yevgeny Yevtushenko ; edited by Albert C. Todd with the author and James Ragan. |
| 250 ## - EDITION STATEMENT | |
| Edition statement | 1st ed. |
| 260 ## - PUBLICATION, DISTRIBUTION, ETC. (IMPRINT) | |
| Place of publication, distribution, etc | New York : |
| Name of publisher, distributor, etc | Henry Holt, |
| Date of publication, distribution, etc | c1991. |
| 300 ## - PHYSICAL DESCRIPTION | |
| Extent | xxiv, 662 p. ; |
| Dimensions | 26 cm. |
| 500 ## - GENERAL NOTE | |
| General note | "A John Macrae book." |
| 500 ## - GENERAL NOTE | |
| General note | Poems translated from the Russian. |
| 600 10 - SUBJECT ADDED ENTRY--PERSONAL NAME | |
| Dates associated with a name | 1933- |
| General subdivision | Translations into English. |
| 700 1# - ADDED ENTRY--PERSONAL NAME | |
| Personal name | Todd, Albert. |
| 700 1# - ADDED ENTRY--PERSONAL NAME | |
| Personal name | Ragan, James, |
| Dates associated with a name | 1944- |
| 906 ## - LOCAL DATA ELEMENT F, LDF (RLIN) | |
| a | 7 |
| b | cbc |
| c | orignew |
| d | 1 |
| e | ocip |
| f | 19 |
| g | y-gencatlg |
| 942 ## - ADDED ENTRY ELEMENTS (KOHA) | |
| Source of classification or shelving scheme | Library of Congress Classification |
| Item type | Book |
| Withdrawn status | Lost status | Source of classification or shelving scheme | Damaged status | Not for loan | Collection code | Home library | Current library | Shelving location | Date acquired | Total Checkouts | Full call number | Barcode | Date last seen | Date last borrowed | Price effective from | Koha item type |
|---|---|---|---|---|---|---|---|---|---|---|---|---|---|---|---|---|
| Library of Congress Classification | Fiction | Bishop Okullu Memorial Library (Limuru Campus) | Bishop Okullu Memorial Library (Limuru Campus) | General Circulation | 30/04/2010 | 2 | PG3476.E96 A27 1991 | 018585 | 03/06/2024 | 20/05/2024 | 30/04/2010 | Book |